[Event "Baden Open B (30th)"]
[Site "?"]
[Date "2002.04.26"]
[Round "1.1"]
[White "Frey, Armin"]
[Black "Thurner, Manfred"]
[Result "1-0"]
[WhiteElo "1899"]
[BlackElo "1623"]
[PlyCount "107"]
[EventDate "2002.??.??"]

1. e4 c5 2. d4 cxd4 3. c3 d5 4. Qxd4 e6 5. exd5 Qxd5 6. Qxd5 exd5 7. Nf3 Nf6 8.
Be2 Bc5 9. O-O Nc6 10. Bg5 Ne4 11. Bh4 h6 12. Nbd2 g5 13. Bg3 Nxg3 14. hxg3 Be6
15. b4 Bd6 16. b5 Ne5 17. Nd4 Rc8 18. f4 Nd7 19. f5 Ke7 20. fxe6 fxe6 21. Bg4
Bc5 22. Kh1 Bxd4 23. cxd4 Rc2 24. Nb3 h5 25. Bd1 Rb2 26. Kg1 Nf6 27. Rf2 Rxf2
28. Kxf2 Ne4+ 29. Ke3 Nxg3 30. Bc2 Rc8 31. Rc1 b6 32. Bd3 Rxc1 33. Nxc1 Kf6 34.
Kf3 h4 35. a4 Nh5 36. Ne2 Ng7 37. Kg4 Ne8 38. Ng1 Nd6 39. Nf3 Nf7 40. Kh5 e5
41. Bg6 e4 42. Bxf7 exf3 43. Bxd5 f2 44. Bc4 Kf5 45. d5 h3 46. gxh3 Kf6 47. Kg4
Ke5 48. Kxg5 Kd4 49. Bf1 Kxd5 50. h4 Kd4 51. h5 Ke3 52. h6 Kd2 53. h7 Ke1 54.
Bc4 1-0

[Event "Baden Open B (30th)"]
[Site "?"]
[Date "2002.04.26"]
[Round "1.2"]
[White "Putz, Josef"]
[Black "Mair, Josef"]
[Result "1-0"]
[WhiteElo "1622"]
[BlackElo "1833"]
[PlyCount "54"]
[EventDate "2002.??.??"]

1. d4 d5 2. c4 dxc4 3. e3 Nf6 4. Bxc4 e6 5. Nc3 Be7 6. Nf3 O-O 7. O-O b6 8. b3
Bb7 9. Bb2 c6 10. Ne5 Nbd7 11. Nxd7 Qxd7 12. Qe2 Rad8 13. Rfd1 Qc7 14. Rac1 Bd6
15. h3 Qe7 16. e4 Bb8 17. e5 Nd5 18. Nxd5 cxd5 19. Bd3 f6 20. Qh5 g6 21. exf6
Qxf6 22. Qe2 Rde8 23. Rf1 Qf4 24. g3 Qd6 25. Rce1 Rf6 26. Qg4 Bc8 27. Qg5 27...
Qf8 {Rest unleserlich; 1-0 (42)} 1-0

[Event "Baden Open B (30th)"]
[Site "?"]
[Date "2002.04.26"]
[Round "1.3"]
[White "Duske, Helmut"]
[Black "Haindl, Josef"]
[Result "1/2-1/2"]
[WhiteElo "1827"]
[BlackElo "1603"]
[PlyCount "47"]
[EventDate "2002.??.??"]

1. e4 Nf6 2. e5 Nd5 3. c4 Nb6 4. d4 d6 5. exd6 exd6 6. Nf3 Bg4 7. Nc3 Be7 8.
Qd3 Nc6 9. a3 Bxf3 10. gxf3 Bf6 11. Be3 Qd7 12. h4 Qe7 13. O-O-O O-O-O 14. Bh3+
Kb8 15. h5 a6 16. b4 d5 17. c5 Nc4 18. Nxd5 Rxd5 19. Qxc4 Rhd8 20. Rhe1 Qf8 21.
Rd2 Bxd4 22. Bxd4 Rxd4 23. Rxd4 Rxd4 24. Qc3 1/2-1/2

[Event "Baden Open B (30th)"]
[Site "?"]
[Date "2002.04.26"]
[Round "1.4"]
[White "Winkler, Klaus sen"]
[Black "Wagner, Erich"]
[Result "0-1"]
[WhiteElo "1584"]
[BlackElo "1813"]
[PlyCount "25"]
[EventDate "2002.??.??"]

1. d4 Nf6 2. c4 g6 3. Nc3 Bg7 4. Nf3 O-O 5. e4 d6 6. Bd3 Nh5 7. Be3 Nc6 8. O-O
Bg4 9. Be2 h6 10. Qd2 Qe8 11. Bxh6 Bxf3 12. Bxg7 Bxe2 13. Qh6 0-1

[Event "Baden Open B (30th)"]
[Site "?"]
[Date "2002.04.26"]
[Round "1.5"]
[White "Vezmar, Milan"]
[Black "Reichmann, Ernst"]
[Result "1/2-1/2"]
[WhiteElo "1810"]
[BlackElo "1581"]
[PlyCount "83"]
[EventDate "2002.??.??"]

1. d4 Nf6 2. Nc3 d5 3. Nf3 Nc6 4. Bf4 a6 5. e3 Bg4 6. Be2 e6 7. O-O h6 8. h3
Bf5 9. Bd3 Bxd3 10. cxd3 Bd6 11. Ne5 Bxe5 12. dxe5 Nd7 13. d4 O-O 14. a3 Ne7
15. b4 b5 16. a4 c6 17. Qd3 Nb6 18. Ra2 Qd7 19. Rfa1 Qb7 20. axb5 axb5 21. g4
Nc4 22. Ne2 Rxa2 23. Rxa2 Ra8 24. Qb1 Ra6 25. Qa1 Rxa2 26. Qxa2 Nc8 27. Nc1
N8b6 28. Nb3 g5 29. Bg3 Kg7 30. h4 Na4 31. Nc5 Nxc5 32. dxc5 Qd7 33. Qa1 Qd8
34. h5 Nd2 35. Kg2 d4 36. Qxd4 Qxd4 37. exd4 Nb3 38. f4 Nxd4 39. fxg5 hxg5 40.
Be1 Nb3 41. Bc3 Nc1 42. Kf3 1/2-1/2

[Event "Baden Open B (30th)"]
[Site "?"]
[Date "2002.04.26"]
[Round "1.6"]
[White "Wiesauer, Alois"]
[Black "Goeslbauer, Harald"]
[Result "1-0"]
[WhiteElo "1539"]
[BlackElo "1808"]
[PlyCount "79"]
[EventDate "2002.??.??"]

1. e4 c6 2. d4 d5 3. e5 Bf5 4. Nf3 e6 5. Nc3 a6 6. Be3 Nd7 7. Be2 Qc7 8. O-O c5
9. Rc1 Ne7 10. Na4 cxd4 11. Bxd4 b5 12. Nc3 Nc6 13. a3 Bg4 14. Re1 Bxf3 15.
Bxf3 Ndxe5 16. Bxe5 Nxe5 17. Bxd5 Rd8 18. Qh5 Ng6 19. Bxe6 fxe6 20. Rxe6+ Be7
21. Rxg6 O-O 22. Rg3 Qf4 23. Rf1 Qd2 24. Qg4 Rf7 25. Rd3 Rxd3 26. cxd3 Qxb2 27.
Qc8+ Bf8 28. Ne4 Qxa3 29. Ng5 Rf6 30. d4 h6 31. Ne6 Qd6 32. Re1 Qb4 33. Rf1 a5
34. d5 Qd6 35. Rd1 a4 36. h4 b4 37. Rd3 a3 38. Rg3 Rf7 39. Qa8 Qb6 40. Rxg7+
1-0

[Event "Baden Open B (30th)"]
[Site "?"]
[Date "2002.04.26"]
[Round "1.8"]
[White "Bauer, Christoph"]
[Black "Gruen, Thomas"]
[Result "1/2-1/2"]
[WhiteElo "1435"]
[BlackElo "1771"]
[PlyCount "41"]
[EventDate "2002.??.??"]

1. e4 c5 2. Nf3 d6 3. d4 cxd4 4. Nxd4 Nf6 5. Nc3 a6 6. Be2 e5 7. Nb3 Be6 8. O-O
Be7 9. f4 b5 10. f5 Bxb3 11. axb3 Nc6 12. Bf3 Nd4 13. Be3 Nxf3+ 14. Rxf3 Ng4
15. Kh1 Nf6 16. Qd3 O-O 17. Rg3 Nh5 18. Rg4 Nf6 19. Rg3 Nh5 20. Rg4 Nf6 21. Rg3
1/2-1/2

[Event "Baden Open B (30th)"]
[Site "?"]
[Date "2002.04.26"]
[Round "1.9"]
[White "Vock, Bernhard"]
[Black "Achleitner, Johannes"]
[Result "0-1"]
[WhiteElo "1751"]
[BlackElo "1429"]
[PlyCount "124"]
[EventDate "2002.??.??"]

1. e4 e5 2. Nf3 Nc6 3. d4 exd4 4. Nxd4 Nxd4 5. Qxd4 b6 6. Bc4 Bb7 7. Be3 Ne7 8.
Nc3 Nc6 9. Qd5 Qe7 10. Nb5 d6 11. f3 Na5 12. Qd3 a6 13. Nc3 b5 14. Bb3 Nxb3 15.
axb3 Qe6 16. O-O Be7 17. Nxb5 Qd7 18. Nd4 Bf6 19. c3 a5 20. Bf4 O-O 21. g4 Be5
22. Ne2 Bxf4 23. Nxf4 g6 24. h4 Qe7 25. h5 Qe5 26. hxg6 Qxf4 27. gxh7+ Kg7 28.
Kf2 Qh2+ 29. Ke3 Qh6+ 30. g5 Qxg5+ 31. Ke2 Qg2+ 32. Rf2 Qg6 33. Rh1 d5 34. Qb5
Ba6 35. Qxa6 Rxa6 36. Rhh2 Qb6 37. h8=Q+ Rxh8 38. Rfg2+ Kf6 39. Rxh8 Qb5+ 40.
Kd2 Qf1 41. Rh6+ Ke7 42. Rxa6 Qxg2+ 43. Ke3 Qg1+ 44. Kf4 dxe4 45. Rxa5 exf3 46.
Kxf3 Qh1+ 47. Ke3 Qc1+ 48. Kd4 Qxb2 49. b4 Qd2+ 50. Kc4 Qe2+ 51. Kd4 Qf2+ 52.
Kd5 f5 53. c4 f4 54. Kc6 Qb6+ 55. Kd5 Qxa5+ 56. bxa5 f3 57. a6 f2 58. a7 f1=Q
59. Kc6 Qg2+ 60. Kxc7 Qa8 61. Kb6 Kd7 62. c5 Qc6+ 0-1

[Event "Baden Open B (30th)"]
[Site "?"]
[Date "2002.04.26"]
[Round "1.10"]
[White "Hegedues, Zoltan"]
[Black "Stachl, Josef"]
[Result "0-1"]
[WhiteElo "1429"]
[BlackElo "1695"]
[PlyCount "64"]
[EventDate "2002.??.??"]

1. d4 d5 2. Nf3 c6 3. e3 Nf6 4. Nbd2 e6 5. Be2 Nbd7 6. c4 Bd6 7. c5 Bc7 8. b4
e5 9. dxe5 Nxe5 10. Bb2 Nxf3+ 11. Nxf3 O-O 12. O-O Re8 13. Bd3 Bg4 14. Be2 b6
15. h3 Bh5 16. Nd4 Bxe2 17. Qxe2 bxc5 18. bxc5 Qd7 19. Qa6 Rac8 20. Nf3 Bb8 21.
Bxf6 gxf6 22. Qa4 Re4 23. Qd1 Qc7 24. g3 Kh8 25. Re1 Rg8 26. g4 f5 27. Rb1 fxg4
28. Rxb8 Qxb8 29. Qa1+ Rg7 30. Ng5 gxh3 31. Kh1 Qe5 32. Nxe4 Qxe4+ 0-1

[Event "Baden Open B (30th)"]
[Site "?"]
[Date "2002.04.26"]
[Round "1.11"]
[White "Musilek, Adalbert"]
[Black "Gerhold, Christoph"]
[Result "1-0"]
[WhiteElo "1663"]
[BlackElo "1428"]
[PlyCount "79"]
[EventDate "2002.??.??"]

1. d4 d5 2. c4 Nc6 3. Nf3 Nf6 4. Nc3 Bf5 5. Bf4 e6 6. e3 Bb4 7. Rc1 Ne4 8. Qb3
Rb8 9. cxd5 exd5 10. Be2 Bxc3+ 11. bxc3 O-O 12. O-O Bg4 13. Qd1 Re8 14. c4 dxc4
15. Rxc4 Nf6 16. Re1 Nh5 17. Bg3 Nxg3 18. hxg3 Bxf3 19. Bxf3 Re6 20. d5 Ne5 21.
dxe6 Nxc4 22. exf7+ Kxf7 23. Bd5+ Kf8 24. Bxc4 Qxd1 25. Rxd1 Ke7 26. Kf1 Kf6
27. Rd7 Rc8 28. Ke2 h6 29. f4 g5 30. Kf3 Kf5 31. e4+ Kf6 32. e5+ Kg6 33. Bd3+
Kh5 34. g4+ Kh4 35. g3+ Kh3 36. Rh7 Kh2 37. Rxh6+ Kg1 38. Be4 gxf4 39. gxf4 Kf1
40. Rh1# 1-0

[Event "Baden Open B (30th)"]
[Site "?"]
[Date "2002.04.26"]
[Round "1.13"]
[White "Steiner, Helmut"]
[Black "Koller, Johann"]
[Result "1-0"]
[WhiteElo "1663"]
[BlackElo "1299"]
[PlyCount "104"]
[EventDate "2002.??.??"]

1. e4 e5 2. Nf3 Nc6 3. Bc4 h6 4. d4 exd4 5. Nxd4 Qf6 6. Nxc6 Qxc6 7. Bd5 Qf6 8.
Nc3 Bc5 9. O-O c6 10. Bb3 b5 11. a3 Ba6 12. Qe2 O-O-O 13. Be3 Bd4 14. Bxd4 Qxd4
15. Rfd1 Qf6 16. Qe3 Kb8 17. e5 Qf5 18. Qg3 Qg5 19. Bxf7 Qxg3 20. hxg3 Ne7 21.
Bh5 Bc8 22. f4 g6 23. Bf3 h5 24. Ne4 h4 25. g4 Rdf8 26. Nf6 Kc7 27. a4 b4 28.
Kf2 h3 29. g3 Rd8 30. Rd6 c5 31. Rad1 h2 32. Kg2 Nc6 33. Bxc6 dxc6 34. Rxd8
Rxd8 35. Rxd8 Kxd8 36. Kxh2 c4 37. Kg2 c5 38. Kf2 Bb7 39. Ke3 a5 40. Ne4 Bc8
41. Nxc5 Bxg4 42. Nb7+ Ke7 43. Nxa5 Be6 44. Nc6+ Kd7 45. Nxb4 Kc7 46. a5 Kb7
47. Kd4 Ka7 48. Kc5 Kb7 49. Nd5 Bf7 50. Ne3 Ka6 51. Nxc4 Bxc4 52. Kxc4 Kxa5 1-0

[Event "Baden Open B (30th)"]
[Site "?"]
[Date "2002.04.26"]
[Round "1.14"]
[White "Smid, Guenther"]
[Black "Kopinits, Silvia"]
[Result "1-0"]
[WhiteElo "1296"]
[BlackElo "1641"]
[PlyCount "57"]
[EventDate "2002.??.??"]

1. d4 d5 2. e4 dxe4 3. Nc3 Nf6 4. f3 exf3 5. Nxf3 Bf5 6. h3 e6 7. g4 Be4 8.
Nxe4 Nxe4 9. Rg1 Be7 10. Be3 O-O 11. g5 Qd6 12. Qe2 Qb4+ 13. c3 Qd6 14. Bf2
Nxf2 15. Qxf2 Qf4 16. Rg4 Qd6 17. h4 f5 18. gxf6 Bxf6 19. Bc4 Nd7 20. O-O-O Qc6
21. Qe2 Kh8 22. Bxe6 Rae8 23. Re4 Nb6 24. d5 Qd6 25. Qd3 a5 26. Ng5 Bxg5+ 27.
hxg5 Nd7 28. Rh1 Nc5 29. Rxh7+ 1-0

[Event "Baden Open B (30th)"]
[Site "?"]
[Date "2002.04.27"]
[Round "2.1"]
[White "Pachta, Paul"]
[Black "Frey, Armin"]
[Result "1-0"]
[WhiteElo "1899"]
[BlackElo "1630"]
[PlyCount "147"]
[EventDate "2002.??.??"]

1. d4 f5 2. c4 e6 3. g3 Nf6 4. Nc3 c6 5. Bg2 Be7 6. Nf3 O-O 7. O-O Na6 8. a3
Nc7 9. Re1 Ne4 10. Qd3 d5 11. c5 Rb8 12. Bf4 Ra8 13. Be5 Bf6 14. Rab1 Bd7 15.
e3 Nb5 16. Nxb5 cxb5 17. Rec1 Rc8 18. b4 Bc6 19. Bxf6 gxf6 20. Nd2 a6 21. Bh3
Qd7 22. Nxe4 fxe4 23. Qe2 Rce8 24. Kh1 Qg7 25. Rg1 e5 26. Rbd1 exd4 27. Rxd4
Re5 28. Qg4 Rg5 29. Qf4 Re5 30. Qg4 Ra8 31. Rgd1 Kf8 32. Qe2 Rae8 33. Bg2 Bd7
34. h3 Qh6 35. Rxd5 Bxh3 36. Bxh3 Qxh3+ 37. Kg1 Qf5 38. Rd7 R5e7 39. R1d5 Qxd7
40. Rxd7 Rxd7 41. Qg4 Rf7 42. Qf4 f5 43. Qd6+ Ree7 44. c6 bxc6 45. Qxc6 Ra7 46.
Kg2 Kg7 47. Qe6 Rf6 48. Qe5 Rd7 49. g4 fxg4 50. Qxe4 Rd2 51. Qe7+ Kg6 52. Qe8+
Kh6 53. Qe5 Rdxf2+ 54. Kg3 R2f5 55. Qe8 Rg6 56. e4 Rf3+ 57. Kg2 Rd6 58. Qe5
Rd2+ 59. Kg1 g3 60. Qe6+ Kg5 61. Qe5+ Kg6 62. Qe8+ Rf7 63. Qg8+ Rg7 64. Qe6+
Kh5 65. Qh3+ Kg5 66. Qf5+ Kh6 67. Qf4+ Kh5 68. Qxd2 Rg4 69. Qd5+ Kh4 70. Qf5 h5
71. Kg2 Rg7 72. e5 Rg4 73. e6 Rc4 74. e7 1-0

[Event "Baden Open B (30th)"]
[Site "?"]
[Date "2002.04.27"]
[Round "2.2"]
[White "Wagner, Erich"]
[Black "Baumfrisch, Robert"]
[Result "1-0"]
[WhiteElo "1813"]
[BlackElo "1626"]
[PlyCount "28"]
[EventDate "2002.??.??"]

1. e4 e5 2. Nf3 Nc6 3. Bb5 d6 4. d4 Bd7 5. Bxc6 Bxc6 6. d5 Bb5 7. h3 h6 8. c4
Bd7 9. Nc3 Ne7 10. Qe2 Ng6 11. Be3 Be7 12. Nd2 O-O 13. f3 Bg5 14. g3 {
Rest unklar; 1-0 (41)} 14... Bxh3 1-0

[Event "Baden Open B (30th)"]
[Site "?"]
[Date "2002.04.27"]
[Round "2.3"]
[White "Stachl, Josef"]
[Black "Putz, Josef"]
[Result "1/2-1/2"]
[WhiteElo "1695"]
[BlackElo "1622"]
[PlyCount "57"]
[EventDate "2002.??.??"]

1. d4 Nf6 2. c4 e6 3. Nc3 d5 4. Nf3 Nbd7 5. e3 Be7 6. Bd3 dxc4 7. Bxc4 b6 8.
O-O Bb7 9. Qc2 c5 10. Qe2 Ne4 11. Nxe4 Bxe4 12. dxc5 Bxc5 13. Rd1 Qc7 14. Ng5
Bc6 15. Nh3 O-O 16. Bd2 Bd6 17. f4 Nf6 18. Bd3 Qe7 19. Rac1 Bb7 20. a3 a5 21.
Ng5 h6 22. Nf3 Rac8 23. Kh1 Rxc1 24. Rxc1 Rc8 25. Rxc8+ Bxc8 26. Bc3 Nd5 27.
Bd2 Qf6 28. Bc1 Qd8 29. Bd2 1/2-1/2

[Event "Baden Open B (30th)"]
[Site "?"]
[Date "2002.04.27"]
[Round "2.4"]
[White "Wiesauer, Alois"]
[Black "Musilek, Adalbert"]
[Result "1-0"]
[WhiteElo "1539"]
[BlackElo "1683"]
[PlyCount "87"]
[EventDate "2002.??.??"]

1. e4 c6 2. d4 d5 3. e5 Bf5 4. Nf3 e6 5. Be2 Nd7 6. Nc3 Qb6 7. a3 c5 8. Na4
Qa5+ 9. c3 b5 10. Nxc5 Nxc5 11. dxc5 a6 12. b4 Qc7 13. Be3 Be4 14. Bd4 Ne7 15.
a4 Rb8 16. axb5 axb5 17. Ra5 Qc6 18. Bd3 Bxd3 19. Qxd3 Nf5 20. O-O Be7 21. Rfa1
O-O 22. Ra6 Qc8 23. g4 Nh4 24. Ra7 Nxf3+ 25. Qxf3 Bd8 26. Qg3 Bc7 27. f4 Rb7
28. R7a6 Rb8 29. g5 g6 30. h4 Qb7 31. c6 Qc8 32. Qg4 Qd8 33. h5 Kg7 34. Bc5 Re8
35. Kg2 Bb6 36. Bd6 Rc8 37. hxg6 hxg6 38. Qe2 Bc7 39. Bxc7 Rxc7 40. Qxb5 d4 41.
Rd1 Qd5+ 42. Qxd5 exd5 43. Rxd4 Rec8 44. b5 1-0

[Event "Baden Open B (30th)"]
[Site "?"]
[Date "2002.04.27"]
[Round "2.6"]
[White "Reichspfarrer, Ernst"]
[Black "Steiner, Helmut"]
[Result "0-1"]
[WhiteElo "1527"]
[BlackElo "1663"]
[PlyCount "52"]
[EventDate "2002.??.??"]

1. d4 d5 2. c4 e5 3. dxe5 d4 4. Nf3 Nc6 5. g3 Bc5 6. Bg2 Nge7 7. O-O Bd7 8.
Nbd2 a6 9. Ne4 Ba7 10. Nfd2 Nxe5 11. b3 O-O 12. Nf3 Nxf3+ 13. Bxf3 Bh3 14. Bg2
Bxg2 15. Kxg2 c5 16. Nd2 Qd7 17. Qc2 Rae8 18. Nf3 Ng6 19. Ba3 Qg4 20. h3 Nf4+
21. Kg1 Nxe2+ 22. Kh2 Qxf3 23. Rae1 b6 24. Qd2 Bb8 25. b4 Bxg3+ 26. fxg3 Qxg3+
0-1

[Event "Baden Open B (30th)"]
[Site "?"]
[Date "2002.04.27"]
[Round "2.7"]
[White "Achleitner, Johannes"]
[Black "Jereb, Juergen"]
[Result "0-1"]
[WhiteElo "1429"]
[BlackElo "1636"]
[PlyCount "61"]
[EventDate "2002.??.??"]

1. e4 d6 2. g3 g6 3. Bg2 Bg7 4. d3 c5 5. Nf3 Nc6 6. O-O Nf6 7. Bg5 Qb6 8. b3
Nxe4 9. dxe4 Bxa1 10. c3 Qa5 11. Qc1 Qxa2 12. Nbd2 Bb2 13. Qc2 Be6 14. Rb1 Qa5
15. Qxb2 f6 16. c4 O-O 17. Be3 g5 18. Ra1 Qb6 19. Nb1 Bxc4 20. Ra4 Qxb3 21.
Qxb3 Bxb3 22. Ra3 Bc4 23. Nc3 b5 24. Nd5 Rf7 25. Nd2 b4 26. Ra1 Bb5 27. Bf1
Bxf1 28. Kxf1 Rff8 29. Nc4 e6 30. Nxf6+ Rxf6 31. Bxg5 {
Rest nicht nachvollziehbar; 0-1 (37)} 0-1

[Event "Baden Open B (30th)"]
[Site "?"]
[Date "2002.04.27"]
[Round "2.8"]
[White "Reichmann, Ernst"]
[Black "Duske, Helmut"]
[Result "0-1"]
[WhiteElo "1581"]
[BlackElo "1827"]
[PlyCount "60"]
[EventDate "2002.??.??"]

1. c4 e6 2. Nc3 Bb4 3. g3 c6 4. Bg2 d5 5. cxd5 exd5 6. a3 Bd6 7. Nf3 Ne7 8. d3
Bg4 9. O-O Qd7 10. e4 d4 11. Ne2 c5 12. Bf4 Nbc6 13. Rc1 b6 14. Re1 Bxf4 15.
Nxf4 O-O 16. h3 Bxf3 17. Qxf3 Ne5 18. Qd1 Rad8 19. Kh2 Qb5 20. Rc2 Rfe8 21. Ne2
Qxd3 22. Rd2 Qb5 23. Nc3 Qc6 24. Bf1 Qh6 25. f4 N5c6 26. Ne2 g5 27. fxg5 Qxg5
28. Nf4 Ne5 29. b3 N7g6 30. Nd5 Qxd2+ 0-1

[Event "Baden Open B (30th)"]
[Site "?"]
[Date "2002.04.27"]
[Round "2.9"]
[White "Gruen, Thomas"]
[Black "Vezmar, Milan"]
[Result "1/2-1/2"]
[WhiteElo "1771"]
[BlackElo "1810"]
[PlyCount "124"]
[EventDate "2002.??.??"]

1. d4 d5 2. c4 e6 3. Nf3 Nf6 4. Bg5 Be7 5. e3 Bd7 6. Nc3 dxc4 7. Bxc4 O-O 8.
O-O c6 9. Rc1 Nd5 10. Bxe7 Qxe7 11. Bd3 f5 12. Re1 Nf6 13. Ne5 Be8 14. Qb3 Bf7
15. Bb1 a5 16. Na4 Na6 17. a3 Ng4 18. Red1 Rad8 19. Nf3 e5 20. Qc3 e4 21. Ne5
Bd5 22. h3 Nxe5 23. dxe5 b5 24. Nb6 b4 25. Nxd5 cxd5 26. Qc6 Nb8 27. Qc7 Qxc7
28. Rxc7 Rfe8 29. Ra7 bxa3 30. bxa3 Rxe5 31. Rxa5 Nc6 32. Rc5 Ne7 33. a4 Re6
34. Ba2 Red6 35. a5 Kf7 36. Rb5 Ke6 37. Rdb1 Ra8 38. Rd1 g5 39. g4 f4 40. exf4
gxf4 41. Re1 Ke5 42. Bb1 h6 43. Bxe4 Kf6 44. Bf3 Ra7 45. Rd1 Ke5 46. Re1+ Kf6
47. Rb6 Rxb6 48. axb6 Rb7 49. Rb1 Ke5 50. Rb5 Kd6 51. h4 Kc6 52. Rb4 Rxb6 53.
Rxf4 Kc5 54. g5 hxg5 55. hxg5 Rg6 56. Rg4 Nf5 57. Be2 Nd6 58. Bd3 Rg7 59. g6
Ne4 60. f4 Kd4 61. Bb1 Nf6 62. Rg5 62... Ke3 {Rest nicht leserlich; remis (77)}
1/2-1/2

[Event "Baden Open B (30th)"]
[Site "?"]
[Date "2002.04.27"]
[Round "2.10"]
[White "Haindl, Josef"]
[Black "Bauer, Christoph"]
[Result "1-0"]
[WhiteElo "1603"]
[BlackElo "1435"]
[PlyCount "47"]
[EventDate "2002.??.??"]

1. e4 e5 2. Nf3 Nc6 3. Bc4 Bc5 4. d3 Nf6 5. O-O O-O 6. Nc3 h6 7. Be3 Bxe3 8.
fxe3 d6 9. h3 Ne7 10. a3 c6 11. Ba2 Ng6 12. Qe1 Nh7 13. Qg3 Nf6 14. Qxg6 d5 15.
Qg3 dxe4 16. Nxe4 Nxe4 17. dxe4 Kh8 18. Nxe5 Qe7 19. Nxf7+ Kh7 20. Ne5 Rf6 21.
Rxf6 Qxf6 22. Rf1 Qe7 23. Qg6+ Kh8 24. Nf7+ 1-0

[Event "Baden Open B (30th)"]
[Site "?"]
[Date "2002.04.27"]
[Round "2.11"]
[White "Mair, Josef"]
[Black "Hegedues, Zoltan"]
[Result "1-0"]
[WhiteElo "1833"]
[BlackElo "1429"]
[PlyCount "59"]
[EventDate "2002.??.??"]

1. e4 e5 2. f4 Nc6 3. Nf3 d6 4. Bc4 exf4 5. d4 Qf6 6. O-O Bg4 7. c3 O-O-O 8.
Qa4 Kb8 9. Na3 Bd7 10. Bb5 Ka8 11. d5 Nb8 12. Nd4 g5 13. Be3 Ne7 14. Nc6 Nexc6
15. dxc6 b6 16. cxd7 Kb7 17. Bd4 Qe7 18. Bxh8 Nxd7 19. Bc6+ Kb8 20. Nb5 a5 21.
Bxd7 Qxd7 22. Qc4 h6 23. b4 c6 24. Nd4 Rc8 25. Qa6 Qc7 26. bxa5 b5 27. Rab1 d5
28. Nxb5 Bc5+ 29. Kh1 Qe7 30. Nd6+ 1-0

[Event "Baden Open B (30th)"]
[Site "?"]
[Date "2002.04.27"]
[Round "2.12"]
[White "Goeslbauer, Harald"]
[Black "Gerhold, Christoph"]
[Result "1-0"]
[WhiteElo "1808"]
[BlackElo "1429"]
[PlyCount "109"]
[EventDate "2002.??.??"]

1. c4 c5 2. Nc3 Nc6 3. Nf3 Nf6 4. g3 d5 5. cxd5 Nxd5 6. Bg2 Nf6 7. O-O Bf5 8.
d3 e6 9. Qa4 Bd6 10. Nh4 Rc8 11. Nxf5 exf5 12. Bh3 O-O 13. Bxf5 Rc7 14. e3 a6
15. a3 Ne5 16. Qd1 Nc6 17. b3 Ne7 18. Bh3 Ng6 19. Bb2 Be7 20. Qe2 Rc6 21. Rfd1
Rd6 22. Na4 b6 23. d4 cxd4 24. Bxd4 b5 25. Nc3 Nd5 26. Nxd5 Rxd5 27. Bg2 Rd6
28. Rac1 Bf6 29. Bc5 Rxd1+ 30. Rxd1 Qc8 31. Bxf8 Qxf8 32. Qc2 h6 33. a4 b4 34.
Qc6 a5 35. Qa8 Qxa8 36. Bxa8 Ne5 37. Rd5 Nf3+ 38. Kf1 Nxh2+ 39. Ke2 Ng4 40.
Rxa5 Ne5 41. Rb5 Be7 42. Rxe5 Bf6 43. Rb5 Be7 44. Bd5 Kf8 45. Rb8+ Bd8 46.
Rxd8+ Ke7 47. Rb8 Kd6 48. e4 Kc5 49. Kd3 f6 50. a5 g6 51. a6 f5 52. a7 fxe4+
53. Bxe4 h5 54. a8=Q h4 55. Qc6# 1-0

[Event "Baden Open B (30th)"]
[Site "?"]
[Date "2002.04.27"]
[Round "2.13"]
[White "Koller, Johann"]
[Black "Binder, Karl"]
[Result "0-1"]
[WhiteElo "1299"]
[BlackElo "1772"]
[PlyCount "58"]
[EventDate "2002.??.??"]

1. e4 e5 2. Nf3 Nf6 3. Nc3 Bb4 4. Nxe5 O-O 5. Nd3 Bxc3 6. bxc3 Nxe4 7. Qf3 Re8
8. Be2 d6 9. O-O Ng5 10. Qh5 g6 11. Qh6 Rxe2 12. Nf4 Re8 13. Bb2 Nc6 14. c4 Ne5
15. f3 c6 16. Bd4 f6 17. Qh4 Bf5 18. Bxe5 fxe5 19. g3 exf4 20. Qh6 fxg3 21.
hxg3 Nh3+ 22. Kh1 Qg5 23. Qxg5 Nxg5 24. g4 Bxc2 25. Rac1 Bd3 26. Rf2 Re2 27.
Rg2 Nxf3 28. Rc3 Re1+ 29. Rg1 Rxg1# 0-1

[Event "Baden Open B (30th)"]
[Site "?"]
[Date "2002.04.27"]
[Round "2.15"]
[White "Kopinits, Silvia"]
[Black "Schwarzer, Karl"]
[Result "1-0"]
[WhiteElo "1641"]
[BlackElo "1382"]
[PlyCount "63"]
[EventDate "2002.??.??"]

1. d4 d5 2. Bf4 Nf6 3. h3 e6 4. Nf3 c6 5. c3 Be7 6. Nbd2 O-O 7. e3 Nbd7 8. Be2
h6 9. O-O Nh7 10. Bd3 Ng5 11. a4 Nxf3+ 12. Qxf3 Bg5 13. Rfe1 Bxf4 14. Qxf4 Nf6
15. e4 dxe4 16. Nxe4 Nxe4 17. Rxe4 Qg5 18. Qf3 f5 19. Re5 Bd7 20. Rae1 Rae8 21.
Bc4 Qf6 22. Qd1 b6 23. Qb3 Kf7 24. R1e3 Re7 25. Rf3 g6 26. Qd1 Kg7 27. Rfe3
Rfe8 28. b4 b5 29. axb5 cxb5 30. Bxb5 Bxb5 31. Rxb5 Rd8 32. Rbe5 1-0

[Event "Baden Open B (30th)"]
[Site "?"]
[Date "2002.04.27"]
[Round "3.1"]
[White "Jereb, Juergen"]
[Black "Wagner, Erich"]
[Result "1/2-1/2"]
[WhiteElo "1636"]
[BlackElo "1813"]
[PlyCount "67"]
[EventDate "2002.??.??"]

1. f4 d5 2. d4 Bf5 3. e3 Nf6 4. Nf3 Nbd7 5. c3 h5 6. Be2 Bg4 7. Nbd2 e6 8. Ne5
Bxe2 9. Qxe2 Bd6 10. Ndf3 Ne4 11. Bd2 c6 12. c4 Be7 13. c5 Bh4+ 14. Nxh4 Qxh4+
15. g3 Nxg3 16. Qf2 Nf5 17. Qxh4 Nxh4 18. Nxd7 Kxd7 19. Ke2 Nf5 20. Rag1 b6 21.
b4 Rab8 22. Rb1 bxc5 23. dxc5 f6 24. a4 a6 25. Rb2 e5 26. fxe5 fxe5 27. Rg1
Rhg8 28. Rg3 g6 29. Bc3 Ke6 30. b5 Kf6 31. Rg1 axb5 32. axb5 d4 33. exd4 exd4
34. Bd2 {Rest unleserlich; remis (58)} 1/2-1/2

[Event "Baden Open B (30th)"]
[Site "?"]
[Date "2002.04.27"]
[Round "3.4"]
[White "Duske, Helmut"]
[Black "Stachl, Josef"]
[Result "1/2-1/2"]
[WhiteElo "1827"]
[BlackElo "1695"]
[PlyCount "50"]
[EventDate "2002.??.??"]

1. d4 d5 2. Nf3 c6 3. Bf4 Nf6 4. e3 Bg4 5. Be2 e6 6. Nbd2 Nbd7 7. O-O c5 8. c3
Be7 9. Qb3 Qc8 10. c4 O-O 11. Rfe1 b6 12. Rac1 Qb7 13. a4 Rac8 14. h3 Bh5 15.
g4 Bg6 16. Ne5 Ne4 17. Nxe4 Bxe4 18. cxd5 Bxd5 19. Bc4 Bh1 20. Bf1 Nxe5 21.
Bxe5 Be4 22. a5 Bd5 23. a6 Qa8 24. Bc4 Bh1 25. Bf1 Bd5 1/2-1/2

[Event "Baden Open B (30th)"]
[Site "?"]
[Date "2002.04.27"]
[Round "3.5"]
[White "Putz, Josef"]
[Black "Haindl, Josef"]
[Result "1/2-1/2"]
[WhiteElo "1622"]
[BlackElo "1603"]
[PlyCount "43"]
[EventDate "2002.??.??"]

1. d4 Nf6 2. c4 g6 3. Nf3 Bg7 4. Nc3 d5 5. e3 O-O 6. cxd5 Nxd5 7. Nxd5 Qxd5 8.
Bd2 Bg4 9. Be2 c5 10. Bc3 Nc6 11. Qc2 cxd4 12. exd4 Rfd8 13. O-O Bf5 14. Qa4
Be4 15. Rad1 Qf5 16. Qc4 Qd5 17. Qa4 Qd7 18. Qc4 Bd5 19. Qa4 a6 20. a3 f5 21.
Qc2 Rac8 22. Qd2 1/2-1/2

[Event "Baden Open B (30th)"]
[Site "?"]
[Date "2002.04.27"]
[Round "3.6"]
[White "Frey, Armin"]
[Black "Kopinits, Silvia"]
[Result "1-0"]
[WhiteElo "1899"]
[BlackElo "1641"]
[PlyCount "79"]
[EventDate "2002.??.??"]

1. e4 c5 2. d4 cxd4 3. c3 d6 4. cxd4 e6 5. Nf3 a6 6. Nc3 Be7 7. Bd3 Nf6 8. O-O
O-O 9. h3 b5 10. a3 Bb7 11. Qe2 Nbd7 12. Rd1 Rc8 13. Be3 Nb6 14. Rac1 Nc4 15.
Bxc4 bxc4 16. Nd2 d5 17. e5 Ne4 18. Ncxe4 dxe4 19. Rxc4 Bd5 20. Rxc8 Qxc8 21.
Nb1 Bb3 22. Rc1 Qb7 23. Nc3 Rc8 24. Re1 Bc4 25. Qg4 Bd3 26. Bh6 Bf8 27. Be3
Qxb2 28. Nxe4 Bxe4 29. Qxe4 Qxa3 30. d5 exd5 31. Qxd5 Qe7 32. f4 Qe6 33. Qa5 g6
34. Rb1 Ra8 35. Rb6 Qc4 36. e6 fxe6 37. Qe5 Re8 38. Bd4 Qd5 39. Qh8+ Kf7 40.
Qxh7+ 1-0

[Event "Baden Open B (30th)"]
[Site "?"]
[Date "2002.04.27"]
[Round "3.7"]
[White "Musilek, Adalbert"]
[Black "Mair, Josef"]
[Result "0-1"]
[WhiteElo "1683"]
[BlackElo "1833"]
[PlyCount "42"]
[EventDate "2002.??.??"]

1. d4 e5 2. dxe5 Nc6 3. Nf3 Qe7 4. e3 Nxe5 5. Be2 c6 6. O-O d5 7. Nxe5 Qxe5 8.
c4 Nf6 9. Nc3 Be6 10. cxd5 Nxd5 11. Nxd5 Bxd5 12. Qc2 Bd6 13. g3 h5 14. f4 Qe6
15. b3 h4 16. Bf3 hxg3 17. hxg3 Bxf3 18. Rxf3 Qd5 19. Qe2 O-O-O 20. Bb2 Rh7 21.
Rd1 Rdh8 0-1